[Event "European Online Club-ch-D 2021"]
[Site "Online"]
[Date "2021.03.27"]
[Round "7.5"]
[White "Gadimbayli, Abdulla"]
[Black "Lupulescu, Constantin"]
[Result "1/2-1/2"]
[WhiteElo "2470"]
[BlackElo "2656"]
[Annotator "ChessBase"]
[PlyCount "89"]
[EventDate "2021.03.27"]
[EventType "team-tourn"]
[EventCountry "NET"]
[SourceTitle "playchess.com"]
[Source "ChessBase"]
[SourceQuality "1"]
[TimeControl "900+5"]

1. e4 {[%emt 0:00:00]} c5 {[%emt 0:00:02]} 2. Nf3 {[%emt 0:00:03]} d6 {[%emt 0:00:01]} 3. d4 {[%emt 0:00:01]} cxd4 {[%emt 0:00:02]} 4. Nxd4 {[%emt 0:00:01]} Nf6 {[%emt 0:00:01]} 5. Nc3 {[%emt 0:00:01]} Nc6 {[%emt 0:00:02]} 6. Bb5 {[%emt 0:00:05]} Bd7 {[%emt 0:00:02]} 7. Bg5 {[%emt 0:00:02]} e6 {[%emt 0:00:01]} 8. O-O {[%emt 0:00:01]} Be7 {[%emt 0:00:04]} 9. Bxc6 {[%emt 0:00:01]} bxc6 {[%emt 0:00:36]} 10. e5 {[%emt 0:00:03]} dxe5 {[%emt 0:00:00]} 11. Nf3 {[%emt 0:00:01]} Nd5 {[%emt 0:00:03]} 12. Bxe7 {[%emt 0:00:02]} Qxe7 {[%emt 0:00:40]} 13. Nxe5 {[%emt 0:00:05]} O-O {[%emt 0:02:38]} 14. Ne4 {[%emt 0:00:23]} Rfd8 {[%emt 0:00:26]} 15. c4 {[%emt 0:00:32]} Be8 {[%emt 0:00:36]} 16. Qe2 {[%emt 0:01:53]} f6 {[%emt 0:02:03]} 17. cxd5 {[%emt 0:05:51]} cxd5 {[%emt 0:00:00]} 18. Nd2 {[%emt 0:00:45]} fxe5 {[%emt 0:00:04]} 19. Qxe5 {[%emt 0:00:02]} Qf6 {[%emt 0:00:13]} 20. Rfe1 {[%emt 0:00:20]} Qxe5 {[%emt 0:00:28]} 21. Rxe5 {[%emt 0:00:03]} Rd6 {[%emt 0:01:21]} 22. Rc1 {[%emt 0:00:15]} Rb8 {[%emt 0:00:33]} 23. b3 {[%emt 0:01:24]} a5 {[%emt 0:00:29]} 24. h3 {[%emt 0:00:47]} Kf7 {[%emt 0:00:24]} 25. Rc7+ {[%emt 0:00:51]} Kf6 {[%emt 0:03:29]} 26. f4 {[%emt 0:00:33]} a4 {[%emt 0:00:26]} 27. Kf2 {[%emt 0:01:31]} Rc6 {[%emt 0:00:14]} 28. Rxc6 {[%emt 0:00:55]} Bxc6 {[%emt 0:00:00]} 29. g4 {[%emt 0:00:01]} Rb4 {[%emt 0:00:11]} 30. Ke3 {[%emt 0:00:11]} axb3 {[%emt 0:00:18]} 31. axb3 {[%emt 0:00:17]} h6 {[%emt 0:00:03]} 32. h4 {[%emt 0:00:03]} Bb7 {[%emt 0:00:37]} 33. Kf3 {[%emt 0:00:11]} d4+ {[%emt 0:00:09]} 34. Ke2 {[%emt 0:00:05]} Bd5 {[%emt 0:00:02]} 35. Kd3 {[%emt 0:00:18]} Bxb3 {[%emt 0:00:08]} 36. Nxb3 {[%emt 0:00:15]} Rxb3+ {[%emt 0:00:00]} 37. Kxd4 {[%emt 0:00:01]} Rh3 {[%emt 0:00:49]} 38. g5+ {[%emt 0:00:03]} Kf7 {[%emt 0:00:05]} 39. gxh6 {[%emt 0:00:09]} gxh6 {[%emt 0:00:02]} 40. h5 {[%emt 0:00:04]} Kf6 {[%emt 0:00:09]} 41. Ra5 {[%emt 0:00:05]} Rh1 {[%emt 0:00:16]} 42. Ke4 {[%emt 0:00:01]} Rh3 {[%emt 0:00:02]} 43. Kd4 {[%emt 0:00:02]} Rh1 {[%emt 0:00:02]} 44. Ke4 {[%emt 0:00:02]} Rh3 {[%emt 0:00:02]} 45. Kd4 {[%emt 0:00:01]} 1/2-1/2

[Event "European Online Club-ch-D 2021"]
[Site "Online"]
[Date "2021.03.27"]
[Round "7.6"]
[White "Parligras, Mircea-Emilian"]
[Black "Ibrahimli, Murad"]
[Result "1-0"]
[WhiteElo "2591"]
[BlackElo "2436"]
[Annotator "ChessBase"]
[PlyCount "65"]
[EventDate "2021.03.27"]
[EventType "team-tourn"]
[EventCountry "NET"]
[SourceTitle "playchess.com"]
[Source "ChessBase"]
[SourceQuality "1"]
[TimeControl "900+5"]

1. d4 {[%emt 0:00:00]} Nf6 {[%emt 0:00:03]} 2. c4 {[%emt 0:00:04]} e6 {[%emt 0:00:02]} 3. Nf3 {[%emt 0:00:02]} d5 {[%emt 0:00:02]} 4. Nc3 {[%emt 0:00:03]} Be7 {[%emt 0:00:02]} 5. Bf4 {[%emt 0:00:03]} O-O {[%emt 0:00:02]} 6. e3 {[%emt 0:00:02]} Nbd7 {[%emt 0:00:27]} 7. a3 {[%emt 0:00:35]} dxc4 {[%emt 0:00:22]} 8. Bxc4 {[%emt 0:00:02]} a6 {[%emt 0:00:01]} 9. O-O {[%emt 0:00:20]} b5 {[%emt 0:00:16]} 10. Be2 {[%emt 0:00:28]} Bb7 {[%emt 0:00:02]} 11. b4 {[%emt 0:00:11]} a5 {[%emt 0:00:35]} 12. Qb3 {[%emt 0:01:20]} c6 {[%emt 0:03:23]} 13. e4 {[%emt 0:00:08]} Nb6 {[%emt 0:00:03]} 14. Rfd1 {[%emt 0:00:30]} axb4 {[%emt 0:01:11]} 15. axb4 {[%emt 0:00:03]} Rxa1 {[%emt 0:00:02]} 16. Rxa1 {[%emt 0:00:03]} Ne8 {[%emt 0:00:01]} 17. Ra7 {[%emt 0:00:40]} Qc8 {[%emt 0:00:14]} 18. Ne5 {[%emt 0:01:34]} Nd6 {[%emt 0:00:24]} 19. Nd3 {[%emt 0:00:06]} Qb8 {[%emt 0:02:21]} 20. Ra2 {[%emt 0:00:10]} Rd8 {[%emt 0:01:29]} 21. Nc5 {[%emt 0:00:05]} Bc8 {[%emt 0:00:01]} 22. Qa3 {[%emt 0:01:34]} Bf8 {[%emt 0:01:57]} 23. h4 {[%emt 0:00:32]} Nbc4 {[%emt 0:00:49]} 24. Qa7 {[%emt 0:01:17]} Qxa7 {[%emt 0:00:31]} 25. Rxa7 {[%emt 0:00:03]} Ne8 {[%emt 0:00:40]} 26. Bxc4 {[%emt 0:00:43]} bxc4 {[%emt 0:00:03]} 27. Ra8 {[%emt 0:00:02]} Bxc5 {[%emt 0:01:33]} 28. bxc5 {[%emt 0:01:05]} Kf8 {[%emt 0:00:02]} 29. Bd6+ {[%emt 0:00:47]} Nxd6 {[%emt 0:00:14]} 30. cxd6 {[%emt 0:00:02]} e5 {[%emt 0:00:07]} 31. d7 {[%emt 0:00:08]} Rxd7 {[%emt 0:00:04]} 32. Rxc8+ {[%emt 0:00:02]} Ke7 {[%emt 0:00:01]} 33. d5 {[%emt 0:00:06]} 1-0

[Event "European Online Club-ch-D 2021"]
[Site "Online"]
[Date "2021.03.27"]
[Round "7.7"]
[White "Babazada, Khazar"]
[Black "Georgescu, Tiberiu-Marian"]
[Result "1-0"]
[WhiteElo "2409"]
[BlackElo "2479"]
[Annotator "ChessBase"]
[PlyCount "67"]
[EventDate "2021.03.27"]
[EventType "team-tourn"]
[EventCountry "NET"]
[SourceTitle "playchess.com"]
[Source "ChessBase"]
[SourceQuality "1"]
[TimeControl "900+5"]

1. e4 {[%emt 0:00:00]} e5 {[%emt 0:00:05]} 2. Nf3 {[%emt 0:00:02]} Nc6 {[%emt 0:00:09]} 3. Bb5 {[%emt 0:00:02]} a6 {[%emt 0:00:03]} 4. Ba4 {[%emt 0:00:05]} Nf6 {[%emt 0:00:02]} 5. d3 {[%emt 0:00:05]} d6 {[%emt 0:00:51]} 6. O-O {[%emt 0:00:06]} g6 {[%emt 0:00:20]} 7. c3 {[%emt 0:00:06]} Bg7 {[%emt 0:00:04]} 8. Re1 {[%emt 0:00:46]} O-O {[%emt 0:00:02]} 9. h3 {[%emt 0:00:04]} b5 {[%emt 0:00:37]} 10. Bc2 {[%emt 0:00:11]} d5 {[%emt 0:00:43]} 11. Nbd2 {[%emt 0:00:13]} h6 {[%emt 0:00:14]} 12. Nb3 {[%emt 0:00:38]} a5 {[%emt 0:00:31]} 13. a4 {[%emt 0:00:43]} b4 {[%emt 0:00:10]} 14. Be3 {[%emt 0:00:11]} Re8 {[%emt 0:00:38]} 15. Qd2 {[%emt 0:00:19]} Kh7 {[%emt 0:00:02]} 16. Rad1 {[%emt 0:00:22]} Be6 {[%emt 0:00:34]} 17. Qc1 {[%emt 0:00:59]} Nd7 {[%emt 0:01:01]} 18. d4 {[%emt 0:00:31]} bxc3 {[%emt 0:00:23]} 19. bxc3 {[%emt 0:00:03]} dxe4 {[%emt 0:01:10]} 20. d5 {[%emt 0:00:24]} Bxd5 {[%emt 0:04:44]} 21. Rxd5 {[%emt 0:00:03]} exf3 {[%emt 0:00:01]} 22. Nc5 {[%emt 0:00:06]} Ncb8 {[%emt 0:00:48]} 23. Nxd7 {[%emt 0:00:20]} Nxd7 {[%emt 0:00:19]} 24. Red1 {[%emt 0:00:17]} fxg2 {[%emt 0:00:44]} 25. Rxd7 {[%emt 0:00:04]} Qh4 {[%emt 0:00:46]} 26. Kxg2 {[%emt 0:00:10]} Re7 {[%emt 0:00:46]} 27. Rxe7 {[%emt 0:00:19]} Qxe7 {[%emt 0:00:02]} 28. Qd2 {[%emt 0:00:07]} f5 {[%emt 0:00:57]} 29. Qd7 {[%emt 0:00:19]} Qf6 {[%emt 0:00:06]} 30. Qxc7 {[%emt 0:00:38]} f4 {[%emt 0:00:03]} 31. Rd6 {[%emt 0:00:28]} Qg5+ {[%emt 0:00:10]} 32. Kh2 {[%emt 0:00:09]} fxe3 {[%emt 0:00:25]} 33. Rxg6 {[%emt 0:00:07]} Qf4+ {[%emt 0:00:07]} 34. Rg3+ {[%emt 0:00:04]} 1-0

[Event "European Online Club-ch-D 2021"]
[Site "Online"]
[Date "2021.03.27"]
[Round "7.8"]
[White "Gavrilescu, David"]
[Black "Eynullayev, Atilla"]
[Result "1-0"]
[WhiteElo "2476"]
[BlackElo "2347"]
[Annotator "ChessBase"]
[PlyCount "61"]
[EventDate "2021.03.27"]
[EventType "team-tourn"]
[EventCountry "NET"]
[SourceTitle "playchess.com"]
[Source "ChessBase"]
[SourceQuality "1"]
[TimeControl "900+5"]

1. e4 {[%emt 0:00:00]} c5 {[%emt 0:00:02]} 2. Nf3 {[%emt 0:00:02]} d6 {[%emt 0:00:01]} 3. Bb5+ {[%emt 0:00:01]} Nd7 {[%emt 0:00:02]} 4. c3 {[%emt 0:00:02]} Ngf6 {[%emt 0:00:17]} 5. Bd3 {[%emt 0:00:01]} a6 {[%emt 0:00:09]} 6. Bc2 {[%emt 0:00:05]} b5 {[%emt 0:00:48]} 7. d4 {[%emt 0:00:03]} e5 {[%emt 0:00:49]} 8. a4 {[%emt 0:00:04]} Rb8 {[%emt 0:00:31]} 9. O-O {[%emt 0:00:13]} g6 {[%emt 0:00:28]} 10. Qe2 {[%emt 0:01:26]} Bg7 {[%emt 0:00:41]} 11. Na3 {[%emt 0:00:15]} c4 {[%emt 0:01:30]} 12. axb5 {[%emt 0:00:21]} axb5 {[%emt 0:00:03]} 13. b3 {[%emt 0:00:02]} cxb3 {[%emt 0:02:00]} 14. Bxb3 {[%emt 0:00:02]} b4 {[%emt 0:01:29]} 15. Nc4 {[%emt 0:00:46]} O-O {[%emt 0:00:21]} 16. Nxd6 {[%emt 0:00:32]} bxc3 {[%emt 0:00:53]} 17. Bxf7+ {[%emt 0:00:33]} Kh8 {[%emt 0:00:19]} 18. dxe5 {[%emt 0:00:20]} Nxe5 {[%emt 0:00:39]} 19. Nxe5 {[%emt 0:00:33]} Qxd6 {[%emt 0:00:08]} 20. Bf4 {[%emt 0:00:01]} Rb2 {[%emt 0:00:28]} 21. Qc4 {[%emt 0:04:30]} Qb4 {[%emt 0:00:25]} 22. Ra8 {[%emt 0:00:06]} Qxc4 {[%emt 0:01:37]} 23. Bxc4 {[%emt 0:01:19]} Rb4 {[%emt 0:01:39]} 24. Ba2 {[%emt 0:02:48]} Bb7 {[%emt 0:00:56]} 25. Nf7+ {[%emt 0:00:42]} Kg8 {[%emt 0:00:04]} 26. Nd6+ {[%emt 0:00:01]} Kh8 {[%emt 0:00:04]} 27. Rxf8+ {[%emt 0:00:09]} Bxf8 {[%emt 0:00:04]} 28. Be5 {[%emt 0:00:02]} Bg7 {[%emt 0:00:43]} 29. Bxc3 {[%emt 0:00:02]} Rb6 {[%emt 0:00:02]} 30. Nf7+ {[%emt 0:00:57]} Kg8 {[%emt 0:00:01]} 31. Rd1 {[%emt 0:00:13]} 1-0

[Event "European Online Club-ch-D 2021"]
[Site "Online"]
[Date "2021.03.27"]
[Round "7.10"]
[White "Lagarde, Maxime"]
[Black "Roubalik, Jakub"]
[Result "1-0"]
[WhiteElo "2640"]
[BlackElo "2391"]
[Annotator "ChessBase"]
[PlyCount "61"]
[EventDate "2021.03.27"]
[EventType "team-tourn"]
[EventCountry "NET"]
[SourceTitle "playchess.com"]
[Source "ChessBase"]
[SourceQuality "1"]
[TimeControl "900+5"]

1. e4 {[%emt 0:00:00]} c5 {[%emt 0:00:06]} 2. Nc3 {[%emt 0:00:03]} Nc6 {[%emt 0:00:03]} 3. Bb5 {[%emt 0:00:02]} e6 {[%emt 0:00:24]} 4. Bxc6 {[%emt 0:00:03]} bxc6 {[%emt 0:00:02]} 5. d3 {[%emt 0:00:01]} d6 {[%emt 0:00:04]} 6. f4 {[%emt 0:00:07]} Qh4+ {[%emt 0:01:04]} 7. g3 {[%emt 0:00:12]} Qd8 {[%emt 0:00:02]} 8. Nf3 {[%emt 0:00:06]} h5 {[%emt 0:00:29]} 9. h3 {[%emt 0:00:34]} Be7 {[%emt 0:00:28]} 10. Qe2 {[%emt 0:00:30]} Rb8 {[%emt 0:00:35]} 11. b3 {[%emt 0:00:25]} Nf6 {[%emt 0:00:20]} 12. Na4 {[%emt 0:00:38]} c4 {[%emt 0:01:03]} 13. dxc4 {[%emt 0:01:02]} d5 {[%emt 0:00:03]} 14. Ng5 {[%emt 0:00:40]} Ba6 {[%emt 0:00:58]} 15. Be3 {[%emt 0:01:38]} Bxc4 {[%emt 0:02:50]} 16. Qd2 {[%emt 0:01:41]} Bb5 {[%emt 0:00:51]} 17. Nc5 {[%emt 0:00:09]} Nd7 {[%emt 0:00:45]} 18. Ncxe6 {[%emt 0:01:07]} fxe6 {[%emt 0:00:04]} 19. Nxe6 {[%emt 0:00:00]} Qc8 {[%emt 0:00:01]} 20. Nxg7+ {[%emt 0:00:22]} Kf7 {[%emt 0:00:03]} 21. Nf5 {[%emt 0:00:01]} Nf6 {[%emt 0:00:07]} 22. Nxe7 {[%emt 0:00:03]} Kxe7 {[%emt 0:00:08]} 23. exd5 {[%emt 0:00:13]} cxd5 {[%emt 0:01:04]} 24. O-O-O {[%emt 0:00:09]} Qf5 {[%emt 0:01:59]} 25. Bd4 {[%emt 0:01:10]} Ne4 {[%emt 0:00:06]} 26. Qb4+ {[%emt 0:00:12]} Nd6 {[%emt 0:00:55]} 27. Rhe1+ {[%emt 0:00:09]} Kd7 {[%emt 0:00:07]} 28. Bxh8 {[%emt 0:00:04]} Rxh8 {[%emt 0:02:11]} 29. Re5 {[%emt 0:00:07]} Qf6 {[%emt 0:00:02]} 30. Rexd5 {[%emt 0:00:24]} Qa1+ {[%emt 0:00:02]} 31. Kd2 {[%emt 0:00:02]} 1-0

[Event "European Online Club-ch-D 2021"]
[Site "Online"]
[Date "2021.03.27"]
[Round "7.11"]
[White "Vymazal, Bronislav"]
[Black "Medvegy, Zoltan"]
[Result "1/2-1/2"]
[WhiteElo "2350"]
[BlackElo "2527"]
[Annotator "ChessBase"]
[PlyCount "90"]
[EventDate "2021.03.27"]
[EventType "team-tourn"]
[EventCountry "NET"]
[SourceTitle "playchess.com"]
[Source "ChessBase"]
[SourceQuality "1"]
[TimeControl "900+5"]

1. e4 {[%emt 0:00:00]} c5 {[%emt 0:00:04]} 2. Nf3 {[%emt 0:00:03]} Nf6 {[%emt 0:00:03]} 3. e5 {[%emt 0:00:39]} Nd5 {[%emt 0:00:03]} 4. Nc3 {[%emt 0:00:01]} Nxc3 {[%emt 0:00:02]} 5. dxc3 {[%emt 0:00:02]} Nc6 {[%emt 0:00:05]} 6. Bf4 {[%emt 0:00:26]} Qc7 {[%emt 0:00:04]} 7. Qd2 {[%emt 0:00:07]} e6 {[%emt 0:00:06]} 8. O-O-O {[%emt 0:00:19]} h6 {[%emt 0:00:04]} 9. h4 {[%emt 0:00:04]} a6 {[%emt 0:00:16]} 10. h5 {[%emt 0:04:19]} b5 {[%emt 0:00:07]} 11. Rh3 {[%emt 0:00:06]} Bb7 {[%emt 0:00:10]} 12. Rg3 {[%emt 0:00:03]} c4 {[%emt 0:01:45]} 13. Qe1 {[%emt 0:01:07]} Ne7 {[%emt 0:00:57]} 14. Nd4 {[%emt 0:00:06]} Nd5 {[%emt 0:00:04]} 15. Bd2 {[%emt 0:00:14]} O-O-O {[%emt 0:01:22]} 16. f4 {[%emt 0:00:34]} d6 {[%emt 0:00:46]} 17. Rg4 {[%emt 0:00:52]} Rg8 {[%emt 0:02:09]} 18. g3 {[%emt 0:00:22]} Kb8 {[%emt 0:00:45]} 19. Qe2 {[%emt 0:00:04]} b4 {[%emt 0:01:16]} 20. Qe1 {[%emt 0:03:04]} bxc3 {[%emt 0:01:17]} 21. Bxc3 {[%emt 0:00:02]} dxe5 {[%emt 0:00:43]} 22. fxe5 {[%emt 0:00:04]} Be7 {[%emt 0:00:09]} 23. Ba5 {[%emt 0:00:14]} Qc5 {[%emt 0:01:55]} 24. Bxd8 {[%emt 0:00:06]} Bxd8 {[%emt 0:00:01]} 25. c3 {[%emt 0:00:46]} Bg5+ {[%emt 0:00:07]} 26. Rxg5 {[%emt 0:00:28]} hxg5 {[%emt 0:00:01]} 27. Qd2 {[%emt 0:00:36]} g4 {[%emt 0:00:41]} 28. Qg5 {[%emt 0:00:25]} Nxc3 {[%emt 0:00:58]} 29. bxc3 {[%emt 0:00:09]} Qa3+ {[%emt 0:00:02]} 30. Kd2 {[%emt 0:00:17]} Qb2+ {[%emt 0:00:16]} 31. Ke1 {[%emt 0:00:46]} Qxc3+ {[%emt 0:00:03]} 32. Kf2 {[%emt 0:00:05]} Qb2+ {[%emt 0:01:10]} 33. Qd2 {[%emt 0:00:14]} Qb6 {[%emt 0:00:05]} 34. Bg2 {[%emt 0:00:48]} Rd8 {[%emt 0:00:05]} 35. Bxb7 {[%emt 0:00:05]} Kxb7 {[%emt 0:00:02]} 36. Qe3 {[%emt 0:00:04]} Rd5 {[%emt 0:00:06]} 37. Rd2 {[%emt 0:00:11]} a5 {[%emt 0:00:08]} 38. Ke2 {[%emt 0:00:09]} Ka6 {[%emt 0:00:03]} 39. Nc2 {[%emt 0:00:03]} Qb5 {[%emt 0:00:07]} 40. Rxd5 {[%emt 0:00:04]} Qxd5 {[%emt 0:00:01]} 41. Nd4 {[%emt 0:00:06]} Qg2+ {[%emt 0:00:02]} 42. Qf2 {[%emt 0:00:02]} Qe4+ {[%emt 0:00:02]} 43. Qe3 {[%emt 0:00:03]} Qg2+ {[%emt 0:00:01]} 44. Qf2 {[%emt 0:00:08]} Qe4+ {[%emt 0:00:02]} 45. Qe3 {[%emt 0:00:10]} Qg2+ {[%emt 0:00:11]} 1/2-1/2

[Event "European Online Club-ch-D 2021"]
[Site "Online"]
[Date "2021.03.27"]
[Round "7.12"]
[White "Guliyev, Namig"]
[Black "Sluka, Radek"]
[Result "1-0"]
[WhiteElo "2538"]
[BlackElo "2324"]
[Annotator "ChessBase"]
[PlyCount "89"]
[EventDate "2021.03.27"]
[EventType "team-tourn"]
[EventCountry "NET"]
[SourceTitle "playchess.com"]
[Source "ChessBase"]
[SourceQuality "1"]
[TimeControl "900+5"]

1. e4 {[%emt 0:00:00]} c5 {[%emt 0:00:06]} 2. Nf3 {[%emt 0:00:03]} d6 {[%emt 0:00:08]} 3. Bb5+ {[%emt 0:00:02]} Nd7 {[%emt 0:00:07]} 4. d4 {[%emt 0:00:03]} cxd4 {[%emt 0:00:06]} 5. Qxd4 {[%emt 0:00:02]} e5 {[%emt 0:00:07]} 6. Qd3 {[%emt 0:00:09]} a6 {[%emt 0:00:05]} 7. Bxd7+ {[%emt 0:00:02]} Bxd7 {[%emt 0:00:12]} 8. c4 {[%emt 0:00:09]} h6 {[%emt 0:00:28]} 9. Nc3 {[%emt 0:00:03]} Rc8 {[%emt 0:00:11]} 10. O-O {[%emt 0:00:15]} Nf6 {[%emt 0:00:36]} 11. b3 {[%emt 0:00:23]} g5 {[%emt 0:00:04]} 12. Rd1 {[%emt 0:00:27]} g4 {[%emt 0:00:55]} 13. Nh4 {[%emt 0:01:22]} Qa5 {[%emt 0:00:57]} 14. Bd2 {[%emt 0:01:26]} Qc7 {[%emt 0:00:43]} 15. a4 {[%emt 0:00:10]} Be7 {[%emt 0:00:31]} 16. a5 {[%emt 0:00:16]} Rd8 {[%emt 0:00:35]} 17. Be3 {[%emt 0:00:09]} Qc6 {[%emt 0:00:22]} 18. Rac1 {[%emt 0:01:40]} Be6 {[%emt 0:01:26]} 19. Bb6 {[%emt 0:00:30]} Rd7 {[%emt 0:01:11]} 20. Nd5 {[%emt 0:00:14]} Nxe4 {[%emt 0:01:23]} 21. Ng6 {[%emt 0:02:44]} fxg6 {[%emt 0:00:36]} 22. Qxe4 {[%emt 0:00:03]} Bf5 {[%emt 0:00:02]} 23. Qe2 {[%emt 0:00:01]} Bg5 {[%emt 0:00:32]} 24. Be3 {[%emt 0:00:03]} Bd8 {[%emt 0:01:37]} 25. b4 {[%emt 0:00:05]} g5 {[%emt 0:01:31]} 26. b5 {[%emt 0:01:26]} Qc8 {[%emt 0:00:04]} 27. bxa6 {[%emt 0:00:23]} bxa6 {[%emt 0:00:05]} 28. c5 {[%emt 0:00:02]} O-O {[%emt 0:00:40]} 29. cxd6 {[%emt 0:00:14]} Qa8 {[%emt 0:00:11]} 30. Ne7+ {[%emt 0:00:49]} Bxe7 {[%emt 0:00:54]} 31. dxe7 {[%emt 0:00:03]} Rxd1+ {[%emt 0:00:14]} 32. Rxd1 {[%emt 0:00:23]} Re8 {[%emt 0:00:02]} 33. Bc5 {[%emt 0:00:11]} Qe4 {[%emt 0:00:31]} 34. Qxe4 {[%emt 0:00:49]} Bxe4 {[%emt 0:00:02]} 35. Re1 {[%emt 0:00:35]} Bd3 {[%emt 0:00:31]} 36. Rxe5 {[%emt 0:00:03]} Kf7 {[%emt 0:00:02]} 37. h3 {[%emt 0:00:02]} gxh3 {[%emt 0:00:02]} 38. gxh3 {[%emt 0:00:01]} Bb5 {[%emt 0:00:02]} 39. Rf5+ {[%emt 0:00:05]} Ke6 {[%emt 0:00:06]} 40. Rf8 {[%emt 0:00:03]} Kd5 {[%emt 0:00:14]} 41. Ba3 {[%emt 0:00:02]} Ke6 {[%emt 0:00:03]} 42. h4 {[%emt 0:00:09]} gxh4 {[%emt 0:00:05]} 43. f4 {[%emt 0:00:03]} Bd7 {[%emt 0:00:09]} 44. f5+ {[%emt 0:00:04]} Ke5 {[%emt 0:00:05]} 45. f6 {[%emt 0:00:02]} 1-0

[Event "European Online Club-ch-D 2021"]
[Site "Online"]
[Date "2021.03.27"]
[Round "7.13"]
[White "Tokhirjonova, Gulrukhbegim"]
[Black "Adams, Michael"]
[Result "0-1"]
[WhiteElo "2362"]
[BlackElo "2716"]
[Annotator "TA"]
[PlyCount "122"]
[EventDate "2021.03.27"]
[EventType "team-tourn"]
[EventCountry "NET"]
[SourceTitle "playchess.com"]
[Source "ChessBase"]
[SourceQuality "1"]

{[%evp 12,122,11,16,22,19,19,23,20,21,25,2,33,33,42,26,18,0,15,0,0,0,8,9,23,21,18,0,12,20,56,0,0,0,0,0,25,-132,-133,-152,-145,-158,-23,-16,0,-78,-64,-79,-57,-82,-73,-83,-62,-165,-122,-135,-50,-49,-41,-54,-45,-70,-67,-91,-80,-85,-85,-192,-112,-111,-69,-151,-172,-292,-292,-292,-266,-291,-230,-405,-405,-362,-285,-289,-267,-267,-260,-254,-54,-55,-56,-63,-63,-594,-495,-29975,-29974,-29980,-29981,-29981,-29982,-29983,-29984,-29984,-29985,-29986,-29985,-29985,-29986,-29987,-29988,-29988,-29989]} 1. e4 e5 2. Nf3 Nc6 3. Bb5 a6 4. Ba4 Nf6 5. O-O Bc5 6. d3 d6 7. c3 Ba7 {C78: Ruy Lopez: Archangelsk and Möller Defences.} 8. h3 h6 9. Nbd2 O-O {White has an edge.} 10. Re1 b5 $5 {[%mdl 4] Exploring less charted territory.} 11. Bc2 Ne7 12. Nf1 Ng6 13. d4 c5 {[#]} 14. b3 $146 ({Predecessor:} 14. Ng3 Re8 15. Be3 Bb7 16. d5 c4 17. Bxa7 Rxa7 18. Nf5 Qb6 19. g3 Bc8 20. Qd2 Bxf5 21. exf5 {0-1 (31) Ortega Valle,J (2226)-Korneev,O (2649) Seville 2006}) 14... Bd7 15. d5 c4 16. bxc4 bxc4 17. Ne3 Qc7 18. Nd2 Nf4 19. Qf3 Nd3 20. Bxd3 cxd3 21. Nd1 (21. Ba3 $1 $14) 21... Nh7 $11 22. Qxd3 f5 $1 23. Qc4 Qd8 24. Rb1 $2 (24. exf5 $1 $11 Bxf5 25. Ne4) 24... Bb5 $36 {[%mdl 2048] Keeping White busy.} 25. Rxb5 axb5 26. Qxb5 Ng5 (26... f4 $1 $17 27. a4 Ng5) 27. exf5 $11 Rxf5 28. h4 (28. Re2 $11) 28... Nh7 $1 $17 {[%mdl 1024] Black has strong compensation.} 29. g3 Rf7 30. Qd3 Nf6 31. Kg2 Qc8 32. Nc4 ({White should play} 32. Ne4 $15 Qf5 33. Nxf6+ Qxf6 34. c4) 32... Qa6 33. Nxe5 {[#]} Qxd3 (33... Bxf2 $1 $17 {[%mdl 512]} 34. Nxf2 dxe5) 34. Nxd3 $15 Nxd5 35. c4 Nf6 36. Nc3 Rc7 37. Nb5 Rxc4 38. Re7 Bc5 39. Re6 (39. Bb2 $17) 39... d5 (39... Rc2 $19 {Hoping for ...Bxf2!} 40. Be3 Ng4) 40. Bxh6 $17 Rxa2 {...Ng4 is the strong threat.} ({But not} 40... gxh6 $6 41. Rxf6 Bf8 42. Rf5 $11) 41. Bg5 (41. Nxc5 $15 Rxc5 42. Nd4) 41... Ne4 {[%cal Rc5f2]} 42. Nxc5 (42. Bf4 $142) 42... Rxc5 $19 43. Re8+ Kf7 44. Re7+ Kf8 45. Rxe4 $2 (45. Rb7 {was the only chance.} Rxf2+ 46. Kh3 Nxg5+ 47. hxg5) 45... dxe4 46. Nd4 {Strongly threatening Ne6+.} Kf7 47. Be3 Rc3 48. Kh3 Kf6 49. Kg4 Rxe3 $2 50. fxe3 {[%mdl 4096] Endgame KR-KN} Rf2 $1 51. h5 Rf1 52. Nb5 $2 {[%mdl 8192] [#] This costs White the game.} ({White has to play} 52. Ne2 $1 $15) 52... Rf3 $1 53. Nc7 (53. Nd4 $19 Rxe3 54. Kf4) 53... Ke5 {Black mates.} 54. Ne8 Rf7 55. Kg5 Re7 56. Kg6 Rxe8 57. Kxg7 Kf5 58. h6 Kg4 59. h7 Kxg3 60. h8=Q Rxh8 61. Kxh8 Kf3 {Weighted Error Value: White=0.45/Black=0.23} 0-1